| 000 | 01901nam a2200505 i 4500 | ||
|---|---|---|---|
| 001 | 7682 | ||
| 003 | KOSZ 005 | ||
| 005 | 20220429081222.0 | ||
| 008 | 060105s1974 pl a |000 0 pol | ||
| 015 | _aUWD 1974/5719 | ||
| 035 | _a991029230829705066 | ||
| 035 | _a(PL-WaBN)b17899333-48omnis_nlop | ||
| 035 | _ab17899333 | ||
| 035 | _a(OCoLC)749901688 | ||
| 035 | _a(PL)b0000001789933 | ||
| 035 | _a(EXLNZ-48OMNIS_NETWORK)9910182407805606 | ||
| 040 |
_aWA N _cWA N _dKOSZ 005/HR |
||
| 041 | 0 | _apol | |
| 046 | _k1974 | ||
| 080 | _a811.111 | ||
| 080 | _a001 | ||
| 100 | 1 |
_aFalkowska, Mira _eAutor |
|
| 245 | 1 | 0 |
_aKorespondencja w języku angielskim : _bwzory listów i dokumentów w wymianie naukowej z zagranicą / _cM. Falkowska, R. E. Majewski, B. E. Pawłowska ; Polska Akademia Nauk. Biuro Kadr Naukowych i Spraw Osobowych. Studium Języków Obcych. |
| 260 |
_aWarszawa : _bZakład Narodowy im. Ossolińskich, Wydaw. PAN, _c1974/ |
||
| 300 |
_a230, [1] s. : _bil., err. ; _c20 cm. |
||
| 336 |
_aTekst _btxt _2rdacontent |
||
| 337 |
_aBez urządzenia pośredniczącego _bn _2rdamedia |
||
| 338 |
_aWolumin _bnc _2rdacarrier |
||
| 380 | _aKsiążki | ||
| 388 | _a1901-2000 | ||
| 490 | 1 | _aWydawnictwa Metodyczno-Dydaktyczne Studium Języków Obcych PAN | |
| 504 | _aBibliogr. | ||
| 650 | 7 |
_aJęzyk angielski _2DBN |
|
| 650 | 7 |
_aNauka _2DBN |
|
| 655 | 7 |
_aListy angielskie _2DBN |
|
| 655 | 7 | _aKorespondencja urzędowa | |
| 655 | 7 |
_aPodręcznik _2DBN |
|
| 658 | _aJęzykoznawstwo | ||
| 700 | 1 |
_aMajewski, Ryszard Eustachy _eAutor |
|
| 700 | 1 |
_aPawłowska, Barbara Elżbieta _eAutor |
|
| 830 | 0 | _aWydawnictwa Metodyczno-Dydaktyczne Studium Języków Obcych PAN | |
| 856 |
_uhttp://koha.tu.koszalin.pl/cgi-bin/koha/opac-detail.pl?biblionumber=7682 _yKatalog online BPK |
||
| 942 |
_2UKD _cKS |
||
| 999 |
_c7682 _d7682 |
||